NLSUI OPAC header image

Future of climate change laws (Record no. 216881)

MARC details
000 -LEADER
fixed length control field 01572nam a2200157Ia 4500
005 - DATE AND TIME OF LATEST TRANSACTION
control field 20260209120126.0
008 - FIXED-LENGTH DATA ELEMENTS--GENERAL INFORMATION
fixed length control field 260209s9999||||xx |||||||||||||| ||und||
100 ## - MAIN ENTRY--PERSONAL NAME
Personal name Iranagound K Kabbur
245 #0 - TITLE STATEMENT
Title Future of climate change laws
260 ## - PUBLICATION, DISTRIBUTION, ETC.
Place of publication, distribution, etc. BangaloreBangalore
Name of publisher, distributor, etc. NLSIU
Date of publication, distribution, etc. 2009
300 ## - PHYSICAL DESCRIPTION
Extent 108 p. ; 25 cm.
505 ## - FORMATTED CONTENTS NOTE
Formatted contents note DECLARATION CERTIFICATE; ACKNOWLEDGEMENT; ABBREVIATIONS; CHAPTER-I; INTRODUCTION; CONTENTS; 1.1 RESEARCH METHODOLOGY; CHAPTER-2; PHENEOMENON OF CLIMATE CHANGE AND IT'S IMPACT; 2.1 CLIMATE CHANGE; 2.2 CAUSES OF CLIMATE CHANGE; 2.3 IMPACT OF CLIMATE CHANGE; CHAPTER-3; INTERNATIONAL LEGAL DEVELOPMENT; 3.1 GLOBAL CLIMATE CHANGE REGIME; 3.2 LANDMARKS OF CLIMATE CHANGE REGIME; 3.3 V AROIOUS INTERNATIONAL CONFERENCE; RELEATING TO CLIMATE CHANGE; CHAPTER-4 CURRENT LEGAL REGIME; 4.1 UNITED NATION FRAMEWORK CONVENTION ON CLIMATE CHANGE; 4.2 KYOTO PROTOCOL; CHAPTER-5 OUSTANDING ISSUES AND CONCENSUS; A. OUSTANDING ISSUES; 5.1 KYOTO'S FAILURE; 5.2 ISSUES OF DEVELOPED COUNTRIES; 5.3 POSITION OF DEVELOPING COUNTRIES; B. NEW AND EMERGING ARRANGMENTS; 5.4. ASIA PACIFIC PARTNERSHIP ON CLEAN DEVELOPMENT AND CLIMATE; 5.5 THE ALLIANCE OF SMALL ISLAND STATES; CHAPTER-6; EMERGING LEGAL REGIME; 6.1 BALI CLIMATE CHANGE CONFERENCE; 6.2 POST BALI DEVELOPMENTS; 6.3 POST BALI MEETINGS OF UNFCCC; CHAPTER-7; CONCLUSION; BIBLIOGRAPHY
650 ## - SUBJECT ADDED ENTRY--TOPICAL TERM
Topical term or geographic name entry element Climate Change - Impact - India Climate Change - International Legal Development
700 ## - ADDED ENTRY--PERSONAL NAME
Personal name Prof. (Dr.) M K Ramesh - GuideProf. (Dr.) M K Ramesh - Guide
856 ## - ELECTRONIC LOCATION AND ACCESS
Uniform Resource Identifier <a href="https://dans.nls.ac.in/handle/123456789/1991">https://dans.nls.ac.in/handle/123456789/1991</a>
Holdings
Withdrawn status Lost status Damaged status Not for loan Home library Current library Date acquired Total Checkouts Barcode Date last seen Price effective from Koha item type
        . . 09.02.2026   LLM246 09.02.2026 09.02.2026 Dissertation